Podmienky predaja výrobkov a poskytovania služieb na trhových miestach - komentár

Informácia k novelám zákona o podmienkach predaja na trhových miestach schválených v roku 2013.

Salvato in:
Dettagli Bibliografici
Autore principale: Mečár, Miroslav
Natura: Capitolo di libro
Lingua:slovacco
Soggetti:
Tags: Aggiungi Tag
Nessun Tag, puoi essere il primo ad aggiungerne!!

MARC

LEADER 00000naa a2200000 4500
001 0184924
005 20231120130014.0
041 0 |a slo 
044 |a SK 
245 1 0 |a Podmienky predaja výrobkov a poskytovania služieb na trhových miestach - komentár  |c Miroslav Mečár 
520 |a Informácia k novelám zákona o podmienkach predaja na trhových miestach schválených v roku 2013. 
610 2 0 |a predaj 
610 2 0 |a tovar 
610 2 0 |a služby 
610 2 0 |a novelizácia 
610 2 0 |a Slovensko 
610 2 0 |a trh miestny 
100 1 |a Mečár, Miroslav